• 首页
  • 本馆介绍
  • 公告通知
  • 最新文献
  • 馆藏检索
  • 电子资源
  • 读者导购
  • 参考咨询
  • 我的图书馆
  • 登录
  • 详细信息显示
  • 放入我的书架
  • 预约/预借图书
  • 作者相关作品
  • 分类相关作品
  • 丛书相关作品
  • 出版社相关作品

书目信息

  • 表格格式
  • 工作单格式
  • 卡片格式
题名:
电脑美术写生基础
    
 
作者: 杨大飞 编著
分册:  
出版信息: 北京   科学出版社  2004
页数: 167页
开本: 23cm
丛书名:
单 册:
中图分类: J2-39
科图分类:
主题词: 计算机应用--写生画--技法(美术)
电子资源:
ISBN: 7-03-012654-8
000 00726nam0 2200217 45
001 002610133
005 20050411091813.8
010    @a7-03-012654-8@dCNY28.00
100    @a20040317d2004 em y0chiy0110 ea
101 0  @achi
102    @aCN@b110000
105    @aa z 000yy
200 1  @a电脑美术写生基础@Adian nao mei shu xie sheng ji chu@f杨大飞等编著@FYang Da Fei Deng Bian Zhu
210    @a北京@c科学出版社@d2004
215    @a167页@c图@d23cm
330    @a本书采用美术知识和写生实例同步的方式讲述了造型的原理与任务、静物写生、电脑风景写生、电脑动物与人物画法等。
606 0  @a计算机应用@x写生画@x技法(美术)
690    @aJ2-39@v4
701  0 @a杨大飞@4编著
801  0 @aCN@bNLC@c20040827
905    @b348307-311@dJ2-39@e16@f5
    
    电脑美术写生基础/杨大飞等编著.-北京:科学出版社,2004
    167页:图;23cm
    
    
    ISBN 7-03-012654-8:CNY28.00
    本书采用美术知识和写生实例同步的方式讲述了造型的原理与任务、静物写生、电脑风景写生、电脑动物与人物画法等。
●
相关链接 在E读中查询图书 在五车中查询图书 在当当中查询图书 在豆瓣中查询图书


正题名:电脑美术写生基础     索取号:J2-39/16         预约/预借

序号 登录号 条形码 馆藏地/架位号 状态 备注
1 0348307   203483079   第一样本阅览室/ [索取号:J2-39/16] 在馆    
2 0348308   203483088   第一借阅区/ [索取号:J2-39/16] 在馆    
3 0348309   203483097   第一借阅区/ [索取号:J2-39/16] 在馆    
4 0348310   203483104   第一借阅区/ [索取号:J2-39/16] 在馆    
5 0348311   203483113   第一借阅区/ [索取号:J2-39/16] 在馆    
6 0353783   3537836   第一借阅区/ [索取号:J2-39/16] 在馆    
7 0353784   3537845   第一借阅区/ [索取号:J2-39/16] 在馆    
唐山师范学院图书馆 欢迎您!
大连网信软件有限公司© 版权所有